000 01859nam0a2200373 4500
001 RU\NLR\bibl\1474640
005 20260407215502.0
010 _a978-5-8323-0649-0
_9500
021 _aRU
_b2009-104745
_96669
035 _a(nilc)RSL-KNO-004560836
035 _a(NLR Aleph) 001466313
090 _a1615257
_c1615257
100 _a20091221d2009 |||y0rusy50 ca
101 0 _arus
102 _aRU
105 _aa zzzz|||||
200 1 _aТрансграничное образование: глобальные возможности и региональный аспект
_eматериалы Международной научно-практической конференции, Ереван, 13-14 октября 2009 года
_e[сборник]
210 _aМосква
_cИзд-во СГУ
_d2009
215 _a67 с.
_cил., табл.
_d21
225 1 _aМатериалы симпозиумов и конференций
300 _aВ надзаг.: Соврем. гуманит. акад.
320 _aБиблиогр.: с. 28 (5 назв.)
606 1 _aТрансграничное образование
_jСъезды, совещания и т.п.
_92513575
_3RU\NLR\auth\661489907
686 _aЧ34(2)ж.я431(0)
_2rubbk
686 _aЧ31,6(2)23я431(0)
_2rubbk
686 _aЧ484(0)ж.я431
711 1 2 _a"Трансграничное образование: глобальные возможности и региональный аспект", международная научно-практическая конференция
_f2009
_eЕреван
_3RU\NLR\AUTH\8810145497
_9785320
801 0 _aRU
_bRuMoRGB
_c20091221
_grcr
801 1 _aRU
_bRuMoRGB
_c20091221
801 2 _aRU
_bNLR
_c20100217
_grcr
942 _cBOOK
980 _aNB